Bazilejské dohody a Slovenská republika

Problematika bankového dohľadu a jeho regulácie na medzinárodnej úrovni. Bazilejské dohody: Bazilejská dohoda prvá (Basel I) a Bazilejská dohoda druhá (Basel II). Bazilejské dohody a Slovenská republika.

Gespeichert in:
Bibliographische Detailangaben
1. Verfasser: Chovanová, Adriana
Format: Buchkapitel
Sprache:Slowakisch
Schlagworte:
Tags: Tag hinzufügen
Keine Tags, Fügen Sie das erste Tag hinzu!

MARC

LEADER 00000naa$a2200000$$$4500
001 0039011
005 20231107071132.1
041 0 |a slo 
044 |a CZ 
245 1 0 |a Bazilejské dohody a Slovenská republika  |c Adriana Chovanová 
520 |a Problematika bankového dohľadu a jeho regulácie na medzinárodnej úrovni. Bazilejské dohody: Bazilejská dohoda prvá (Basel I) a Bazilejská dohoda druhá (Basel II). Bazilejské dohody a Slovenská republika. 
610 2 0 |a dohľad bankový 
610 2 0 |a dohody medzinárodné 
610 2 0 |a politika medzinárodná 
610 2 0 |a sústava banková 
610 2 0 |a podnikanie obozretné 
610 2 0 |a banky 
610 2 0 |a banky centrálne 
610 2 0 |a zúčtovanie bezhotovostné 
610 2 0 |a stabilita finančná 
610 2 0 |a riziko bankové 
610 2 0 |a riziko úverové 
610 2 0 |a riziko trhové 
610 2 0 |a Bazilej II 
610 2 0 |a Bazilej I 
610 2 0 |a Slovensko 
100 1 |a Chovanová, Adriana